Riconosci il Calciatore - Quiz n°1082 - Statistics

Statistiche generali
  • Questo quiz è stato fatto 5 volte
  • Il punteggio medio è 8 su 21
Statistiche sulle risposte
Indizio Risposta % Corretto
Nazionalità Italia
100%
Squadra di club 8 Lazio 2008-2013
100%
Ruolo Centrocampista
80%
Squadra di club 5 Milan 2001-2005
80%
Squadra di club 6 Fiorentina 2005-2006
60%
Squadra di club 4 Inter 2000-2001
60%
Squadra di club 7 Milan 2006-2008
60%
Gol in nazionale 0
40%
Data di nascita 30/01/1976
40%
Squadra di club 3 Hellas Verona 1998-2000
40%
Squadra di club 2 Lumezzane 1997-1998
40%
Squadra di club 1 Pro Sesto 1995-1997
40%
Trofei individuali 0
20%
Presenze in nazionale 1
20%
Altezza 173 cm
20%
Trofei per club Campionato italiano di Serie B: 1 Verona: 1998-1999 Coppa Italia: 3 Milan: 2002-2003 Lazio: 2008-2009, 2012-2013 Campionato italiano: 1 Milan: 2003-2004 Supercoppa italiana: 2 Milan: 2004 Lazio: 2009 UEFA Champions League: 2 Milan: 2002-2003, 2006-2007 Supercoppa UEFA: 2 Milan: 2003, 2007 Coppa del mondo per club: 1 Milan: 2007
20%
Trofei per nazionali 0
0%
Gol nei club 28
0%
Presenze nei club 496
0%
Peso 75 kg
0%
Calciatore Cristian Brocchi
0%
Nessun quiz corrispondente trovato
Distribuzione punteggi
Percentuale di utenti per punteggio
Percentile per numero di risposta
I tuoi punteggi nel tempo
Non hai fatto questo quiz